[Event "Herforder SV KS 1 - SK KS Iserlohn 1"]
[Site "NRW-Klasse, Gruppe 2 2012/201"]
[Date "2013.01.20"]
[Round "5.7"]
[White "Kramps, Rene"]
[Black "Heuermann, Heinz-Burkhard"]
[Result "1-0"]
[WhiteElo "2010"]
[BlackElo "1956"]
[Annotator "Doe,John"]
[PlyCount "101"]
[EventDate "2013.??.??"]
[WhiteTeam "SK KS Iserlohn 1"]
[BlackTeam "Herforder SV KS 1"]

1. e4 c5 2. Nf3 e6 3. d3 Nc6 4. g3 g6 5. Bg2 Bg7 6. O-O Nge7 7. Nc3 O-O 8. Bg5
h6 9. Bf4 e5 10. Be3 d6 11. Ne1 f5 12. f4 Nd4 13. fxe5 dxe5 14. Nd5 Qd6 15. c3
Ndc6 16. Nxe7+ Nxe7 17. Qb3+ Be6 18. Qb5 $11 Rfc8 19. Qa4 Rc7 20. Rd1 Rd7 21.
Nf3 Rad8 22. d4 cxd4 23. cxd4 fxe4 24. Nxe5 Bxe5 25. dxe5 Qxd1 26. Rxd1 Rxd1+
27. Kf2 Rf8+ 28. Bf4 Rd2+ 29. Kg1 Rxb2 30. Bxe4 Rxa2 31. Qd4 g5 32. Qd6 Kf7 33.
Be3 b6 34. g4 Re2 35. Bf5 Nxf5 36. gxf5 Bxf5 37. Qf6+ Ke8 38. Qc6+ Bd7 39. Qg6+
Ke7 40. Qxh6 Re1+ 41. Kg2 Rxe3 42. Qxg5+ Ke6 43. Qxe3 Bc6+ 44. Kg1 Rg8+ 45. Kf1
Bd5 46. Qf4 Rg6 47. h4 b5 48. h5 Bc4+ 49. Kf2 Rg8 50. h6 Bd3 51. Qf6+ 1-0

[Event "Herforder SV KS 1 - SK KS Iserlohn 1"]
[Site "NRW-Klasse, Gruppe 2 2012/201"]
[Date "2013.01.20"]
[Round "5.8"]
[White "Schmitz, Thorsten"]
[Black "Schwanbeck, Christoph"]
[Result "0-1"]
[WhiteElo "2039"]
[BlackElo "1981"]
[PlyCount "84"]
[EventDate "2013.??.??"]
[WhiteTeam "Herforder SV KS 1"]
[BlackTeam "SK KS Iserlohn 1"]

1. e4 d5 2. exd5 Qxd5 3. Nc3 Qd6 4. d4 c6 5. Nf3 Nf6 6. Bc4 Bg4 7. Be3 e6 8. h3
Bh5 9. Be2 Nbd7 10. Qd2 Qc7 11. a3 Bd6 12. O-O O-O 13. Ng5 Bg6 14. Bd3 Rad8 15.
Rad1 Nb6 16. Nce4 Nxe4 17. Nxe4 Bxe4 18. Bxe4 f5 19. Bg5 fxe4 20. Bxd8 Qxd8 21.
Qe2 Qh4 22. Rfe1 Nd5 23. g3 Qxh3 24. Qxe4 Rf6 25. Rd3 Rg6 26. Rf3 Rh6 27. Rd3
Qh2+ 28. Kf1 Rf6 29. Rf3 Qh1+ 30. Ke2 Qxf3+ 31. Qxf3 Rxf3 32. Kxf3 Kf7 33. c4
Nf6 34. b4 h5 35. Rb1 e5 36. c5 Bc7 37. b5 e4+ 38. Kg2 cxb5 39. Rxb5 b6 40. a4
Ke6 41. a5 a6 42. Rb1 b5 0-1

[Event "Oberhausener SV 1 - SF Gerresheim 1"]
[Site "NRW-Klasse, Gruppe 2 2012/201"]
[Date "2013.02.17"]
[Round "6.1"]
[White "Savchenko, Viacheslav"]
[Black "Hort, Vlastimil"]
[Result "1/2-1/2"]
[WhiteElo "2336"]
[BlackElo "2414"]
[PlyCount "78"]
[EventDate "2013.??.??"]
[WhiteTeam "SF Gerresheim 1"]
[BlackTeam "Oberhausener SV 1"]

1. e4 e5 2. Nf3 Nc6 3. Bb5 Nf6 4. d4 Nxe4 5. O-O Nd6 6. dxe5 Nxb5 7. a4 Nbd4 8.
Nxd4 Nxd4 9. Qxd4 d5 10. exd6 Qxd6 11. Qe4+ Qe6 12. Qf3 Bd6 13. Bf4 O-O 14. Nc3
Bxf4 15. Qxf4 c6 16. Rad1 Qg4 17. Qe5 Be6 18. Rd3 Qf5 19. Qd4 c5 20. Qh4 h6 21.
Rfd1 Qg5 22. Qxg5 hxg5 23. Rd6 Rfe8 24. f3 Rac8 25. Kf2 f6 26. Nb5 a6 27. Nc3
Bf5 28. R1d2 Rc6 29. Rxc6 bxc6 30. a5 Rb8 31. Na4 Rb4 32. Nxc5 Rxb2 33. g4 Bg6
34. Nxa6 Rb5 35. Rd8+ Kh7 36. Nb8 Rxa5 37. Nxc6 Ra2 38. Nd4 Bxc2 39. Nxc2 Rxc2+
1/2-1/2

[Event "Oberhausener SV 1 - SF Gerresheim 1"]
[Site "NRW-Klasse, Gruppe 2 2012/201"]
[Date "2013.02.17"]
[Round "6.2"]
[White "Becker, Marcel"]
[Black "Dresen, Ulrich"]
[Result "1-0"]
[WhiteElo "2332"]
[BlackElo "2166"]
[PlyCount "35"]
[EventDate "2013.??.??"]
[WhiteTeam "Oberhausener SV 1"]
[BlackTeam "SF Gerresheim 1"]

1. d4 d5 2. c4 c6 3. Nf3 Nf6 4. Nc3 a6 5. c5 Bf5 6. Bf4 Nbd7 7. e3 g6 8. h3 Bg7
9. Be2 O-O 10. O-O b6 11. b4 Ne4 12. Nxe4 Bxe4 13. Bh2 Bxf3 14. Bxf3 f5 15.
cxb6 Qxb6 16. Qa4 Rfc8 17. Bxd5+ cxd5 18. Qxd7 1-0

[Event "Oberhausener SV 1 - SF Gerresheim 1"]
[Site "NRW-Klasse, Gruppe 2 2012/201"]
[Date "2013.02.17"]
[Round "6.3"]
[White "Koehler, Markus"]
[Black "Kaufeld, Juergen"]
[Result "1/2-1/2"]
[WhiteElo "2104"]
[BlackElo "2295"]
[Annotator "Doe,John"]
[PlyCount "55"]
[EventDate "2013.??.??"]
[WhiteTeam "SF Gerresheim 1"]
[BlackTeam "Oberhausener SV 1"]

1. c4 Nf6 2. g3 g6 3. Bg2 d5 4. cxd5 Nxd5 5. Nc3 Nb6 6. Nf3 Bg7 7. O-O O-O 8.
d3 Na6 9. Be3 c6 10. Qd2 Bg4 11. Bh6 Bxf3 12. Bxf3 Qd4 13. Rac1 Rad8 14. Rfd1
Bxh6 15. Qxh6 Nc7 16. Qg5 Nbd5 17. Qd2 a6 18. Ne4 Ne6 19. e3 Qg7 20. d4 g5 21.
Nc5 Nxc5 22. Rxc5 Qf6 23. Bxd5 cxd5 $11 24. Qb4 b5 25. Rdc1 Rd6 26. Qc3 Qf3 27.
Rc6 Rfd8 28. Rxd6 1/2-1/2

[Event "Oberhausener SV 1 - SF Gerresheim 1"]
[Site "NRW-Klasse, Gruppe 2 2012/201"]
[Date "2013.02.17"]
[Round "6.4"]
[White "Litwak, Aleksej"]
[Black "Van Lanen, Antoon"]
[Result "0-1"]
[WhiteElo "2214"]
[BlackElo "2123"]
[Annotator "Doe,John"]
[PlyCount "116"]
[EventDate "2013.??.??"]
[WhiteTeam "Oberhausener SV 1"]
[BlackTeam "SF Gerresheim 1"]

1. e4 d5 2. exd5 Qxd5 3. Nc3 Qd6 4. d4 Nf6 5. Nf3 a6 6. g3 b5 7. Bf4 Qb6 8. Bg2
Bb7 9. O-O e6 10. a4 Bd6 11. a5 Qa7 12. Ne5 Nbd7 13. Nxd7 Nxd7 14. Bxd6 cxd6
15. d5 e5 16. Ne4 Ke7 17. Qg4 Rag8 $11 18. Qh4+ f6 19. Qg4 Nc5 20. b4 Bc8 21.
Qe2 Nxe4 22. Bxe4 Bd7 23. c3 Rc8 24. Rac1 g6 25. Kh1 Kf7 26. f4 Kg7 27. Bg2
Rhe8 28. fxe5 Rxe5 29. Qf3 f5 30. Rfe1 Rce8 31. Rxe5 Rxe5 32. h4 Be8 33. c4
bxc4 34. Rxc4 Bb5 35. Rc1 Qe3 36. Rc7+ Kh6 37. Qxe3+ Rxe3 38. Kh2 Rb3 39. Rb7
Rb2 40. Kh3 Rxb4 41. Rb6 Rb3 42. Kh2 Ra3 43. Rxd6 Rxa5 44. Rb6 Ra2 45. Kh3 Rd2
46. d6 Be2 47. g4 Bxg4+ 48. Kg3 a5 49. Bf1 Be2 50. Bxe2 Rxe2 51. Ra6 Rd2 52.
Kf4 Rd5 53. Kg3 a4 54. Rxa4 Rxd6 55. Ra7 Rd4 56. Rf7 Rd8 57. Kh3 Rh8 58. Kg3
Kh5 0-1

[Event "Oberhausener SV 1 - SF Gerresheim 1"]
[Site "NRW-Klasse, Gruppe 2 2012/201"]
[Date "2013.02.17"]
[Round "6.5"]
[White "Selten, Jan"]
[Black "Nissen, Claus"]
[Result "0-1"]
[WhiteElo "2075"]
[BlackElo "2144"]
[PlyCount "88"]
[EventDate "2013.??.??"]
[WhiteTeam "SF Gerresheim 1"]
[BlackTeam "Oberhausener SV 1"]

1. e4 e6 2. d4 d5 3. exd5 exd5 4. Nf3 Nf6 5. Bg5 Be7 6. Bd3 Bg4 7. h3 Bh5 8.
O-O Nc6 9. c3 Ne4 10. Bxe7 Qxe7 11. Re1 f5 12. Nbd2 O-O-O 13. Bb5 Rd6 14. Qa4
a6 15. Bxa6 bxa6 16. Qxa6+ Kb8 17. Qb5+ Ka8 18. c4 Rb8 19. Qa4+ Na7 20. Nxe4
dxe4 21. c5 Qd7 22. Qa3 Re6 23. Nh4 Rf6 24. Qe3 Re8 25. Qg5 Qf7 26. g4 fxg4 27.
hxg4 Bxg4 28. Qxg4 Rf4 29. Qg3 h5 30. Ng2 Rg4 31. Qh3 Rf8 32. Kh1 Qxf2 33. Rg1
Rf3 34. Qxh5 Rg5 35. Qh8+ Kb7 36. d5 Qg3 37. c6+ Ka6 38. Qh2 Rh5 39. Nh4 Qxh2+
40. Kxh2 Rxh4+ 41. Kg2 Rf5 42. Kg3 Rh6 43. Rh1 Rg6+ 44. Kh4 Rxd5 0-1

[Event "Oberhausener SV 1 - SF Gerresheim 1"]
[Site "NRW-Klasse, Gruppe 2 2012/201"]
[Date "2013.02.17"]
[Round "6.6"]
[White "Ciornei, Dragos"]
[Black "Liedmann, Dennis"]
[Result "1/2-1/2"]
[WhiteElo "2124"]
[BlackElo "2097"]
[PlyCount "82"]
[EventDate "2013.??.??"]
[WhiteTeam "Oberhausener SV 1"]
[BlackTeam "SF Gerresheim 1"]

1. e4 g6 2. d4 Bg7 3. Nf3 d6 4. Bc4 Nf6 5. Qe2 O-O 6. e5 dxe5 7. dxe5 Nd5 8. h3
Nb6 9. Bb3 Nc6 10. O-O e6 11. Rd1 Qe7 12. Nc3 Nd7 13. Bg5 Qb4 14. a3 Qa5 15.
Bd2 Qa6 16. Bc4 b5 17. Nxb5 Ncxe5 18. Nxe5 Nxe5 19. Nxc7 Qc6 20. Bd5 exd5 21.
Nxa8 Ba6 22. Qe3 Nc4 23. Qg3 Bxb2 24. Rab1 Rxa8 25. Bc3 Bxc3 26. Qxc3 Bc8 27.
Qg3 Nb6 28. Rd3 Qxc2 29. Re1 Be6 30. h4 Qa4 31. h5 Qg4 32. hxg6 hxg6 33. Qe5
Nc4 34. Qc7 Kg7 35. Rg3 Qf5 36. Rf3 Qg4 37. Rg3 Qh5 38. Rxe6 Qd1+ 39. Kh2 Rh8+
40. Rh3 Rxh3+ 41. Kxh3 Qh5+ 1/2-1/2

[Event "Oberhausener SV 1 - SF Gerresheim 1"]
[Site "NRW-Klasse, Gruppe 2 2012/201"]
[Date "2013.02.17"]
[Round "6.7"]
[White "Bondarchuk, Vadim"]
[Black "Joergens, Markus"]
[Result "0-1"]
[WhiteElo "1979"]
[BlackElo "2074"]
[PlyCount "98"]
[EventDate "2013.??.??"]
[WhiteTeam "SF Gerresheim 1"]
[BlackTeam "Oberhausener SV 1"]

1. e4 e6 2. d4 d5 3. Nc3 Bb4 4. exd5 exd5 5. Bd3 Nf6 6. a3 Bxc3+ 7. bxc3 O-O 8.
h3 Re8+ 9. Ne2 Ne4 10. O-O Bf5 11. Rb1 b6 12. c4 c6 13. cxd5 cxd5 14. Bb5 Re7
15. Bf4 Nd6 16. Ng3 Bg6 17. Bd3 Nc6 18. Bxg6 hxg6 19. Qd3 Qd7 20. Bg5 f6 21.
Bd2 Nf5 22. c3 Rae8 23. a4 Na5 24. Rb5 Nc4 25. Bf4 Nxg3 26. Bxg3 Kf7 27. Bf4
Qe6 28. Qf3 Qe4 29. Qg3 g5 30. Bc1 Rd8 31. Qg4 Qxg4 32. hxg4 Re2 33. Rd1 Ke6
34. Rb3 Kd6 35. f4 gxf4 36. Bxf4+ Kc6 37. Kf1 Re4 38. Bc1 Rxg4 39. Re1 Rh8 40.
Kg1 Rgh4 41. Kf2 Rh1 42. Rxh1 Rxh1 43. Ba3 Ra1 44. Bf8 g6 45. g4 Rxa4 46. Rb1
Ra2+ 47. Kg3 Rc2 48. Rh1 Rxc3+ 49. Kf2 Ne3 0-1

[Event "Oberhausener SV 1 - SF Gerresheim 1"]
[Site "NRW-Klasse, Gruppe 2 2012/201"]
[Date "2013.02.17"]
[Round "6.8"]
[White "Voge, Andreas"]
[Black "Niemers, Johannes"]
[Result "1-0"]
[WhiteElo "2056"]
[BlackElo "2003"]
[PlyCount "85"]
[EventDate "2013.??.??"]
[WhiteTeam "Oberhausener SV 1"]
[BlackTeam "SF Gerresheim 1"]

1. e4 e5 2. Nf3 Nc6 3. Bb5 a6 4. Ba4 Nf6 5. O-O Be7 6. Re1 b5 7. Bb3 d6 8. c3
Bg4 9. d3 O-O 10. Nbd2 Na5 11. Bc2 c5 12. Nf1 Nc6 13. h3 Bc8 14. Ng3 Re8 15. d4
exd4 16. cxd4 Bf8 17. Bg5 h6 18. Bf4 Nb4 19. Bb1 a5 20. d5 g6 21. Qd2 Kh7 22.
a3 Na6 23. Bc2 Ra7 24. h4 Bg4 25. Nh2 Bc8 26. h5 Rae7 27. hxg6+ fxg6 28. Nf3
Bg4 29. Nh4 Ng8 30. e5 Rg7 31. Nxg6 Rxg6 32. Qd3 Ne7 33. exd6 Nf5 34. Nxf5 c4
35. Rxe8 Qxe8 36. Qe3 Qxe3 37. Nxe3 Bd7 38. a4 Nb4 39. Bxg6+ Kxg6 40. axb5 Nd3
41. Bg3 Nxb2 42. b6 Bc8 43. d7 1-0

[Event "Herforder SV KS 1 - SK Münster 1"]
[Site "NRW-Klasse, Gruppe 2 2012/201"]
[Date "2013.02.17"]
[Round "6.1"]
[White "Van Der Weide, Karel"]
[Black "Nordsieck, Thomas"]
[Result "1-0"]
[WhiteElo "2402"]
[BlackElo "2245"]
[PlyCount "83"]
[EventDate "2013.??.??"]
[WhiteTeam "SK Münster 1"]
[BlackTeam "Herforder SV KS 1"]

1. e4 c5 2. Nf3 g6 3. d4 Bg7 4. Nc3 cxd4 5. Nxd4 Nc6 6. Be3 Nf6 7. Bc4 O-O 8.
Bb3 d6 9. h3 a6 10. O-O Na5 11. Re1 b5 12. Nd5 Bb7 13. Bg5 Nxb3 14. axb3 Re8
15. Bxf6 exf6 16. Nf3 f5 17. exf5 Rxe1+ 18. Nxe1 Bxb2 19. Rb1 Bg7 20. Qd3 Bc6
21. b4 Rc8 22. Rd1 gxf5 23. Qxf5 Bd7 24. Qh5 Be6 25. Ne3 Qe7 26. Nf3 h6 27. Nd4
d5 28. Nef5 Qf6 29. Nxg7 Kxg7 30. Rd3 Kf8 31. c3 Rxc3 32. Rxc3 Qxd4 33. Qxh6+
Ke8 34. Rc7 Kd8 35. Rc6 Qxb4 36. Qf6+ Kd7 37. Rxa6 Qc5 38. Ra8 Qc1+ 39. Kh2
Qc7+ 40. f4 Qb6 41. Qe5 Qc7 42. Qd4 1-0

[Event "Herforder SV KS 1 - SK Münster 1"]
[Site "NRW-Klasse, Gruppe 2 2012/201"]
[Date "2013.02.17"]
[Round "6.2"]
[White "Pieper-Emden, Carsten"]
[Black "Molinaroli, Martin"]
[Result "1/2-1/2"]
[WhiteElo "2176"]
[BlackElo "2276"]
[PlyCount "21"]
[EventDate "2013.??.??"]
[WhiteTeam "Herforder SV KS 1"]
[BlackTeam "SK Münster 1"]

1. d4 b6 2. Bg5 Nf6 3. Bxf6 exf6 4. e3 d5 5. Bd3 Bd6 6. Nd2 Nc6 7. c3 Ne7 8.
Qf3 Be6 9. Ne2 Qd7 10. h3 O-O 11. Nf4 1/2-1/2

[Event "Herforder SV KS 1 - SK Münster 1"]
[Site "NRW-Klasse, Gruppe 2 2012/201"]
[Date "2013.02.17"]
[Round "6.3"]
[White "Wolter, Kai"]
[Black "Loemker, Michael"]
[Result "1-0"]
[WhiteElo "2223"]
[BlackElo "2071"]
[PlyCount "101"]
[EventDate "2013.??.??"]
[WhiteTeam "SK Münster 1"]
[BlackTeam "Herforder SV KS 1"]

1. e4 g6 2. d4 Bg7 3. Nc3 d6 4. f4 a6 5. Nf3 b5 6. Bd3 e6 7. Be3 Nf6 8. e5 Ng4
9. Bg1 b4 10. Ne4 d5 11. h3 Nh6 12. Nc5 Nd7 13. Nxd7 Bxd7 14. g4 Bb5 15. Bxb5+
axb5 16. Be3 Ng8 17. Qd3 Qd7 18. Ke2 Ne7 19. Bd2 Nc6 20. Qxb5 O-O 21. Qd3 Ra7
22. a4 bxa3 23. Rxa3 Rb7 24. b3 f6 25. Rf1 fxe5 26. fxe5 Rbb8 27. Raa1 Qe7 28.
Rf2 Rf7 29. Raf1 Rbf8 30. Ng5 Rxf2+ 31. Rxf2 Rxf2+ 32. Kxf2 Bh6 33. Nf3 Bxd2
34. Qxd2 Kg7 35. Qf4 h6 36. h4 Nb4 37. g5 hxg5 38. Qxg5 Qf7 39. Qd2 Nc6 40. c4
Ne7 41. Qg5 Nf5 42. cxd5 exd5 43. Kg2 Qe7 44. Qxe7+ Nxe7 45. Kg3 Kh6 46. Kg4
Nf5 47. e6 Kg7 48. Kg5 Nd6 49. e7 Ne4+ 50. Kf4 Kf7 51. Ng5+ 1-0

[Event "Herforder SV KS 1 - SK Münster 1"]
[Site "NRW-Klasse, Gruppe 2 2012/201"]
[Date "2013.02.17"]
[Round "6.4"]
[White "Quelle, Helmut"]
[Black "Korth, Daniel"]
[Result "1/2-1/2"]
[WhiteElo "2106"]
[BlackElo "2179"]
[PlyCount "81"]
[EventDate "2013.??.??"]
[WhiteTeam "Herforder SV KS 1"]
[BlackTeam "SK Münster 1"]

1. Nf3 d5 2. g3 Nf6 3. Bg2 c6 4. c4 e6 5. O-O Be7 6. b3 O-O 7. Bb2 Nbd7 8. d3
Re8 9. Nbd2 Bc5 10. a3 a5 11. Qb1 Qc7 12. b4 Bd6 13. c5 Bf8 14. d4 b6 15. Qc2
Ba6 16. Rfe1 h6 17. Bc3 axb4 18. axb4 Bb5 19. e3 Qb7 20. Nb3 Rxa1 21. Rxa1 Ra8
22. Ra2 Ne4 23. Be1 Bc4 24. Rb2 f5 25. Nfd2 Nxd2 26. Nxd2 Bb5 27. Ra2 Be7 28.
Qb2 Bd8 29. Qa1 Rxa2 30. Qxa2 Nf6 31. f3 Kf8 32. e4 Qa6 33. Qxa6 Bxa6 34. Bf2
Bd3 35. e5 Nd7 36. Nb3 Bc4 37. Nd2 b5 38. h4 g6 39. Be3 Kg7 40. Kf2 Nb8 41. Nb1
1/2-1/2

[Event "Herforder SV KS 1 - SK Münster 1"]
[Site "NRW-Klasse, Gruppe 2 2012/201"]
[Date "2013.02.17"]
[Round "6.5"]
[White "Rott, Georg"]
[Black "Hanisch, Bernd"]
[Result "1-0"]
[WhiteElo "2093"]
[BlackElo "2001"]
[PlyCount "93"]
[EventDate "2013.??.??"]
[WhiteTeam "SK Münster 1"]
[BlackTeam "Herforder SV KS 1"]

1. e4 c6 2. d4 d5 3. exd5 cxd5 4. c4 Nf6 5. Nc3 e6 6. Nf3 Be7 7. c5 O-O 8. b4
b6 9. Bf4 a5 10. Na4 Nbd7 11. Bb5 bxc5 12. bxc5 Ne4 13. O-O Ba6 14. Rb1 Bxb5
15. Rxb5 g5 16. Bd2 Qc7 17. Nxg5 Nxg5 18. Qg4 h6 19. h4 Nf6 20. Qf4 Qxf4 21.
Bxf4 Ngh7 22. Rb7 Nh5 23. Bh2 Bf6 24. Rd1 Rac8 25. Nb6 Rc6 26. Nd7 Rfc8 27. Nb8
Nf8 28. Nxc6 Rxc6 29. Rb6 Rc8 30. c6 Bd8 31. Rb8 Rxc6 32. Rxd8 Kg7 33. g4 Nf6
34. Be5 N8h7 35. h5 Ng5 36. Rd3 Rc2 37. Rb3 Rxa2 38. Rbb8 Nf3+ 39. Kg2 Nxe5 40.
dxe5 Ra4 41. f3 Ra2+ 42. Kg3 a4 43. Rh8 a3 44. exf6+ Kxf6 45. Rxh6+ Kg7 46. g5
Rb2 47. Rbh8 1-0

[Event "Herforder SV KS 1 - SK Münster 1"]
[Site "NRW-Klasse, Gruppe 2 2012/201"]
[Date "2013.02.17"]
[Round "6.6"]
[White "Heuermann, Heinz-Burkhard"]
[Black "Kamp, Christoph"]
[Result "0-1"]
[WhiteElo "1956"]
[BlackElo "2165"]
[PlyCount "70"]
[EventDate "2013.??.??"]
[WhiteTeam "Herforder SV KS 1"]
[BlackTeam "SK Münster 1"]

1. Nf3 d5 2. g3 e6 3. Bg2 Nf6 4. d3 b6 5. O-O Bb7 6. Re1 Be7 7. Nfd2 c5 8. e4
Nc6 9. e5 Nd7 10. f4 Qc7 11. Nf3 h6 12. c3 O-O-O 13. d4 Kb8 14. Na3 a6 15. Bd2
Rc8 16. Rb1 Qd8 17. b4 cxb4 18. cxb4 b5 19. Qb3 Nb6 20. Rec1 Qd7 21. Nc2 Nc4
22. Bc3 g5 23. fxg5 hxg5 24. a4 bxa4 25. Qa2 Na7 26. Be1 Nb6 27. Bf1 Nb5 28.
Na3 g4 29. Nxb5 axb5 30. Nd2 Nc4 31. Be2 Bg5 32. Bxg4 Be3+ 33. Kh1 Bxd4 34. Nf3
Be3 35. Kg2 Bxc1 0-1

[Event "Herforder SV KS 1 - SK Münster 1"]
[Site "NRW-Klasse, Gruppe 2 2012/201"]
[Date "2013.02.17"]
[Round "6.7"]
[White "Chilla, Jan Eric"]
[Black "Schmitz, Thorsten"]
[Result "1-0"]
[WhiteElo "2132"]
[BlackElo "2039"]
[Annotator "Doe,John"]
[PlyCount "125"]
[EventDate "2013.??.??"]
[WhiteTeam "SK Münster 1"]
[BlackTeam "Herforder SV KS 1"]

1. Nf3 c5 2. g3 Nf6 3. Bg2 g6 4. b3 Bg7 5. Bb2 d5 6. c4 Nc6 7. cxd5 Qxd5 8. O-O
Qd6 9. Na3 O-O 10. Rc1 Bg4 11. Nb5 Qd7 12. Rxc5 Rfd8 13. d4 Ne4 14. Ne5 Nxf2
15. Rxf2 Bxe5 16. Rd5 Bd6 17. Nxd6 exd6 $11 18. Rb5 a6 19. Bxc6 bxc6 20. d5 c5
21. Ra5 Re8 22. Qd2 Qe7 23. Ra4 Bxe2 24. Qc3 f6 25. Raf4 Bb5 26. Rxf6 Qe1+ 27.
Qxe1 Rxe1+ 28. Kg2 Re2 29. Rxe2 Bxe2 30. Rxd6 Rf8 31. Rd7 Rf7 32. Rd8+ Rf8 33.
Rd7 Rf7 34. Rd8+ Rf8 35. Rxf8+ Kxf8 36. Ba3 Bd3 37. Bxc5+ Ke8 38. d6 Be4+ 39.
Kf2 Kd7 40. Ke3 Bc6 41. Kd4 Ke6 42. Bb4 Bf3 43. Kc5 Kd7 44. Kb6 Be2 45. Bc5 Bd3
46. b4 Bb5 47. a3 Kc8 48. a4 Bd3 49. b5 axb5 50. a5 Be2 51. Bb4 Bd3 52. a6 Be2
53. Kc6 Bf3+ 54. Kxb5 Be4 55. Kb6 Bf3 56. Ka7 Be2 57. d7+ Kxd7 58. Kb7 Ke6 59.
a7 Kf5 60. Bd6 Kg4 61. h4 g5 62. hxg5 Kxg5 63. Be7+ 1-0

[Event "Herforder SV KS 1 - SK Münster 1"]
[Site "NRW-Klasse, Gruppe 2 2012/201"]
[Date "2013.02.17"]
[Round "6.8"]
[White "Buddensiek, Uwe"]
[Black "Borrink, Joern"]
[Result "1/2-1/2"]
[WhiteElo "1984"]
[BlackElo "2119"]
[PlyCount "36"]
[EventDate "2013.??.??"]
[WhiteTeam "Herforder SV KS 1"]
[BlackTeam "SK Münster 1"]

1. d4 e6 2. c4 d5 3. Nc3 Nf6 4. Bg5 Nbd7 5. e3 c6 6. Nf3 Qa5 7. Nd2 Ne4 8.
Ndxe4 dxe4 9. Bf4 Bb4 10. Qc2 e5 11. Bg3 f5 12. O-O-O Bxc3 13. Qxc3 Qxa2 14.
dxe5 Nc5 15. e6 Bxe6 16. Qxg7 Qa1+ 17. Kc2 Qa4+ 18. Kc1 Qa1+ 1/2-1/2

[Event "SK KS Iserlohn 1 - Gütersloher SV 1"]
[Site "NRW-Klasse, Gruppe 2 2012/201"]
[Date "2013.02.17"]
[Round "6.1"]
[White "Ebert, Manuel"]
[Black "Scheider, Julian"]
[Result "1/2-1/2"]
[WhiteElo "2105"]
[BlackElo "2335"]
[Annotator "Doe,John"]
[PlyCount "100"]
[EventDate "2013.??.??"]
[WhiteTeam "Gütersloher SV 1"]
[BlackTeam "SK KS Iserlohn 1"]

1. e4 c5 2. Nf3 d6 3. d4 cxd4 4. Nxd4 Nf6 5. Nc3 Nc6 6. Bc4 Qb6 7. Nb3 e6 8.
Be3 Qc7 9. Bd3 a6 10. O-O Be7 11. f4 b5 12. a4 b4 13. Nb1 O-O 14. N1d2 e5 15.
f5 d5 16. Qf3 d4 17. Bf2 a5 18. Qe2 Kh8 19. Rfc1 Bb7 20. c3 bxc3 21. bxc3 dxc3
22. Rxc3 Bb4 23. Rc2 Qe7 24. Rac1 Rfc8 25. Bb5 Na7 26. Rxc8+ Nxc8 27. Bc5 Bxc5+
28. Rxc5 Nd6 29. Bd3 Qd8 30. Kh1 Nd7 31. Rc2 Qb6 32. Nc4 Nxc4 33. Bxc4 Nf6 34.
Bxf7 Bxe4 35. Rc5 Rd8 36. h3 Bxf5 37. Rxe5 Bd7 38. Rxa5 Be8 39. Ra6 Qb4 40. Bc4
Bxa4 41. Na5 $11 Qb1+ 42. Kh2 Qb8+ 43. g3 Qb4 44. Nc6 Bxc6 45. Rxc6 Qc3 46. Bd5
Qa5 47. Bg2 Qg5 48. Re6 h6 49. Re5 Qc1 50. Qf3 Qc2 1/2-1/2

[Event "SK KS Iserlohn 1 - Gütersloher SV 1"]
[Site "NRW-Klasse, Gruppe 2 2012/201"]
[Date "2013.02.17"]
[Round "6.2"]
[White "Messarius, Juergen"]
[Black "Peter, Sebastian"]
[Result "1/2-1/2"]
[WhiteElo "2197"]
[BlackElo "2028"]
[Annotator "Doe,John"]
[PlyCount "106"]
[EventDate "2013.??.??"]
[WhiteTeam "SK KS Iserlohn 1"]
[BlackTeam "Gütersloher SV 1"]

1. e4 c5 2. Nf3 a6 3. d4 cxd4 4. Nxd4 e5 5. Nb3 Nf6 6. Bc4 b5 7. Bd5 Nxd5 8.
Qxd5 Nc6 9. Be3 Qc7 10. O-O Rb8 11. Nc3 b4 12. Ne2 d6 13. f4 Be6 14. Qd3 a5 $11
15. Rfd1 a4 16. Nd2 b3 17. Qc3 Bg4 18. Nf3 bxc2 19. Qxc2 Bxf3 20. gxf3 Qd7 21.
Rac1 Nb4 22. Qc4 Qe6 23. a3 Qxc4 24. Rxc4 Na6 25. Rxa4 Rxb2 26. Nc3 exf4 27.
Bd4 Nc7 28. Ra7 Ne6 29. Ra8+ Kd7 30. Bf2 Ng5 31. Kg2 Nh3 32. Kxh3 Rxf2 33. Rd3
h5 34. e5 g5 35. Ne4 g4+ 36. fxg4 hxg4+ 37. Kxg4 Rfxh2 38. Ra7+ Ke6 39. Ng5+
Kxe5 40. Ra5+ Kf6 41. Kxf4 Kg6 42. Nf3 Rg2 43. Ra6 Rh5 44. Ke3 Bh6+ 45. Kd4
Bg7+ 46. Ke3 Bh6+ 47. Kd4 Rg4+ 48. Kc3 Rc5+ 49. Kb3 Rb5+ 50. Kc3 Bg7+ 51. Kd2
Rb2+ 52. Kd1 Kh7 53. Raxd6 Rgg2 1/2-1/2

[Event "SK KS Iserlohn 1 - Gütersloher SV 1"]
[Site "NRW-Klasse, Gruppe 2 2012/201"]
[Date "2013.02.17"]
[Round "6.3"]
[White "Plaßmann, Dominik"]
[Black "Schmuecker, Marcus"]
[Result "0-1"]
[WhiteElo "2024"]
[BlackElo "2186"]
[PlyCount "68"]
[EventDate "2013.??.??"]
[WhiteTeam "Gütersloher SV 1"]
[BlackTeam "SK KS Iserlohn 1"]

1. e4 d5 2. exd5 Qxd5 3. Nc3 Qd6 4. d4 Nf6 5. Nf3 c6 6. Ne5 Nbd7 7. f4 Nb6 8.
g4 Nbd5 9. Bg2 g6 10. O-O Bg7 11. Nxd5 cxd5 12. Qe2 O-O 13. f5 Nd7 14. Bf4 Qb6
15. c3 e6 16. fxg6 fxg6 17. Nxd7 Bxd7 18. Be5 Rxf1+ 19. Rxf1 Bb5 20. Qe3 Bxf1
21. Bxf1 Rf8 22. Bxg7 Kxg7 23. Qe5+ Kf7 24. b3 Ke7 25. Kg2 Qd6 26. Qg5+ Rf6 27.
Qh6 Qf4 28. Qxh7+ Kd6 29. Bb5 Qxg4+ 30. Kh1 Qf3+ 31. Kg1 Qf2+ 32. Kh1 Qe1+ 33.
Kg2 Rf2+ 34. Kh3 Qe3+ 0-1

[Event "SK KS Iserlohn 1 - Gütersloher SV 1"]
[Site "NRW-Klasse, Gruppe 2 2012/201"]
[Date "2013.02.17"]
[Round "6.4"]
[White "Klauke, Stefan"]
[Black "Hanhoerster, Stephan"]
[Result "0-1"]
[WhiteElo "2120"]
[BlackElo "2115"]
[PlyCount "98"]
[EventDate "2013.??.??"]
[WhiteTeam "SK KS Iserlohn 1"]
[BlackTeam "Gütersloher SV 1"]

1. e4 c5 2. d4 cxd4 3. c3 g6 4. cxd4 Bg7 5. Nc3 d6 6. Nf3 Nf6 7. Bb5+ Nfd7 8.
O-O a6 9. Bc4 O-O 10. Bg5 Nc6 11. Qd2 Nb6 12. Be2 Bg4 13. d5 Bxf3 14. dxc6 Bxe2
15. cxb7 Bxf1 16. bxa8=Q Qxa8 17. Rxf1 Qb7 18. b3 Rc8 19. Nd5 Nxd5 20. exd5 Rc5
21. Rd1 Bc3 22. Qd3 e6 23. dxe6 Rxg5 24. exf7+ Kxf7 25. Qc4+ Ke7 26. g3 Bf6 27.
Qg8 Qf3 28. Qxh7+ Kf8 29. Rxd6 Re5 30. Qh6+ Ke7 31. Qd2 Re2 32. Rxf6 Kxf6 33.
Qd4+ Kf7 34. Qc4+ Re6 35. a4 Qe4 36. Qc7+ Re7 37. Qb6 Qd3 38. h4 Qd5 39. Kh2 a5
40. g4 Rb7 41. Qe3 Rxb3 42. Qf4+ Kg8 43. Qc7 Rb7 44. Qc2 Qd6+ 45. Kh3 Rf7 46.
Qc8+ Qf8 47. Qe6 Kh7 48. h5 Rf3+ 49. Kh4 Qd8+ 0-1

[Event "SK KS Iserlohn 1 - Gütersloher SV 1"]
[Site "NRW-Klasse, Gruppe 2 2012/201"]
[Date "2013.02.17"]
[Round "6.5"]
[White "Grochtmann, Stephan"]
[Black "Franke, Thomas"]
[Result "0-1"]
[WhiteElo "2030"]
[BlackElo "2028"]
[PlyCount "42"]
[EventDate "2013.??.??"]
[WhiteTeam "Gütersloher SV 1"]
[BlackTeam "SK KS Iserlohn 1"]

1. e4 e6 2. b3 d5 3. Bb2 dxe4 4. Nc3 f5 5. d3 Nf6 6. dxe4 Qxd1+ 7. Rxd1 fxe4 8.
Nb5 Bb4+ 9. c3 Ba5 10. b4 a6 11. Nd4 Bb6 12. Bc4 Nc6 13. Nxc6 bxc6 14. Ne2 Ng4
15. O-O Rf8 16. Nd4 e5 17. Nxc6 Bd7 18. Rxd7 Kxd7 19. Rd1+ Kxc6 20. Bd5+ Kd6
21. Bxa8+ Ke7 0-1